MDQL
is popping MORE tags! Check the
thread
!
Quizzes
Events
Quiz Creation
Community
Videos
Private Events
Remove Ads
Sign In
Join for FREE
Feedback
Dark Mode
Quiz Categories
Sports
Geography
Music
Movies
Television
Just For Fun
Miscellaneous
History
Literature
Language
Science
Gaming
Entertainment
Religion
Holiday
For Kids
Quiz Lab
Recent
Popular Today
Quiz Kudos Today
Editor Picks
Curator Picks
Quizzes by...
Day
Popularity
Type
Ratings
Length
Year
Community
Subscriptions
Recent Discussions
Orange Saloon
Badges
Playlists
Quests
Create
Leaderboards
Showdown
Live 5
Trivia Bingo
Activity
Puzzle Library
Sporcle Events
Private Events
Virtual Trivia
Globe League
Become a Host
Pub Owners
SporcleCon
Opinionation
Our Games
Videos
Blog
Mobile Apps
Partnerships
Remove Ads and Go Orange
Feedback
Science
Computer
Plants
Astronomy
Chemistry
Elements
Math
Animal
Physics
Anatomy
Biology
Geology
General Science
Science
Computer
Plants
Astronomy
Chemistry
Elements
Math
Animal
Physics
Anatomy
Biology
Geology
General Science
Random Quiz
Search Sporcle
×
Quiz Lab
Quiz Lab
Science
Counting
Type in answers that appear in a list
Type in answers that appear in a list
Classic
Best Score? Go Orange.
Factors through 50 Stats
Can you name the factors of each number?
By
Ubbiebubbie
4m
50 Questions
78 Plays
78 Plays
78 Plays
Comments
Comments
Give Quiz Kudos
Give Quiz Kudos
-
- Ratings
hide this ad
Forced Order
Answers have to be entered in order
Answers have to be entered in order
Replay
Link that replays current quiz
Next Quiz
Link to next quiz in quiz playlist
You Got
0%
They Got
Avg Score
63%
Avg Friend Score
Upgrade to see
Score Distribution
Jump to the score distribution portion of the page
Score
0/50
Timer
04:00
0
Plays Today
Number
Factor Sequence
% Correct
1
1
97.4%
2
12
92.3%
3
13
91%
4
124
87.2%
5
15
85.9%
6
1236
85.9%
8
1248
84.6%
9
139
84.6%
10
12510
84.6%
11
111
84.6%
12
1234612
84.6%
7
17
83.3%
13
113
82.1%
14
12714
79.5%
17
117
79.5%
15
13515
78.2%
16
124816
78.2%
18
1236918
75.6%
21
13721
75.6%
19
119
74.4%
22
121122
74.4%
23
123
74.4%
20
12451020
73.1%
25
1525
67.9%
24
1234681224
66.7%
Number
Factor Sequence
% Correct
26
121326
65.4%
27
13927
62.8%
29
129
62.8%
28
12471428
61.5%
30
1235610
57.7%
31
131
57.7%
32
12481632
55.1%
33
131133
55.1%
34
121734
55.1%
35
15735
53.8%
37
137
53.8%
36
123469121836
51.3%
39
131339
48.7%
38
121938
47.4%
41
141
47.4%
40
12458102040
46.2%
43
143
39.7%
47
147
35.9%
42
12367142142
34.6%
44
124112244
33.3%
45
13591545
30.8%
46
122346
30.8%
49
1749
26.9%
48
12346812162448
24.4%
50
125102550
24.4%
Quiz Playlist
Details
Report
Send in Message
Add To Playlist
Classic:
Type in answers that appear in a list
Forced Order:
Answers have to be entered in order
Last Updated: Feb 16, 2017
Quiz Scoreboard
CHALLENGE
Sign Up to Join the Scoreboard
Show All
Scores
Hide
Comments
May contain spoilers
Recently Published
Holiday 10x10 Sorting Gallery
by lukepisani3
Holiday
15m
Two Season TV Shows II
by 123Four
Television
10m
Image Sorting: Flags VI
by Barbecue
Geography
2m
More to Explore
Quiz From the Vault
Featured Blog Post
14 Easter Pick-up Lines to Find Eggs With
hide this ad
You Might Also Like...
Tags
1-50
Counting
factor
factorial
Today's Top Quizzes in Science
Browse Science
hide this ad
Today's Top Quizzes in Counting
Browse Counting
Top Contributed Quizzes in Science
1
Mitosis Sporcle for Escape Room
2
Windmill: Elements
3
200 Vogels in Nederland
4
Glycolysis
5
Elements In Images
6
Periodic Table of Elements by Abbreviations
7
Square Numbers Scrambled (1-50)
8
Quick Pick: 'CI-CJ' Animals
9
4-letter Elementary Words III
10
The First 100 Digits of Pi
Explore More
Trending Topics
Disney
Kpop
Marvel
Crossword
NBA
Harry Potter
Anime
WWE
Country
Song
The Office
Puzzle
NFL
Pokémon
Soccer
hide this ad
More By:
Ubbiebubbie
Quiz
Plays
Rating
Category
Featured
Created
100 Number Matching Madness
546,476
3.97
Just For Fun
Dec 4, 2012
Border Hopping Bonanza
407,511
3.30
Geography
Mar 30, 2012
Languages per Continent Minefield
193,234
3.77
Language
Aug 8, 2015
Mountain Range Country Minefield Blitz
112,425
4.34
Geography
Jul 23, 2015
Asian 'L' Countries
99,184
4.53
Geography
May 6, 2013
Go to Creator's Profile
Score Distribution
Quiz Creator Spotlight
Ubbiebubbie
Follow
Send a Message
Quizzes Created
-
Created Quiz Play Count
-
More By This Creator
Popular Quizzes Today
1
Find the US States - No Outlines Minefield
2
Colored Red Africa Blitz
3
Find the 'City' Movie
4
The Countries of the World
5
5x2 Blitz: Bands
6
Find the Countries of Europe - No Outlines Minefield
7
Find the US States
8
US States
More Science Quizzes
1st Letter Elements 5 to 1
Published
Trending Quizzes
Colored Red Europe Blitz I
Colored Red Africa Blitz II
Colored Red Europe Blitz II
Even More Two Season TV Shows
Colored Red Africa Blitz III
Recently Updated
Quick Pick: 20 Twenties
pecheneg
March Madness Men's Triple Doubles
pecheneg
How Do You Spell That?
pecheneg
Godzilla Movies
pecheneg
Grab Bag: 4-10 Letters
pecheneg
2024 March Madness Bracket
pecheneg
Famous TV Couples
Peacemaker
Champions League XIs: Real Madrid
pecheneg
Largest US Cities 1790-2010
pecheneg
Rides in Walt Disney World
pecheneg
Trending Topics
Harry Potter
Marvel
Anime
NBA
Crossword
Disney
Kpop
Pokémon
Country
WWE
Soccer
The Office
Song
Puzzle
NFL
Your Account Isn't Verified!
In order to create a playlist on Sporcle, you need to verify the email address you used during registration. Go to your
Sporcle Settings
to finish the process.
Report this User
Report this user for behavior that violates our
Community Guidelines
.
Details:
Send Report
Go to the Sporcle.com Mobile Site →
Comments